Traduction de vocabulaire du HSK3 - Statistiques

Statistiques générales
  • Ce quiz a été pris 29 fois
  • Le résultat moyen est 24 sur 42
Statistiques - réponses
Hint Answser % Correct
a
100%
ǎi
95%
爱好 àihào
95%
91%
bān
82%
bān
82%
bàn
82%
bèi
77%
北方 běifāng
77%
moitié, demi
77%
bāo
73%
bǎo
73%
阿姨 āyí
68%
办法 bànfǎ
68%
爱好 hobby, intérêt ; aimer
68%
帮忙 bāng máng
64%
办公室 bàngōngshì
64%
emballer ; sac ; un sac de
64%
阿姨 tante ; Madame
64%
帮忙 aider
59%
安静 ānjìng
59%
办公室 bureau
59%
de petite taille, bas
59%
北方 (le/au) nord, Nord
55%
安静 tranquille, calme, calmement
55%
笔记本 bǐjìběn
50%
classe (d’école)
50%
Ah !
45%
比賽 bǐsài
45%
鼻子 bízi
45%
笔记本 cahier de notes
45%
比賽 concourir, compétition
45%
比較 bǐjiào
41%
必须 bìxū
41%
办法 moyen, solution
41%
鼻子 nez
41%
déplacer, déménager
36%
比較 comparer ; relativement
23%
rassasié
18%
(sert à faire passer l’objet direct avant le verbe) ; (pour chaises, couteaux, parapluies)
14%
(indique le passif ou introduit l’agent)
5%
必须 nécessairement, absolument
0%
Aucun quiz correspondant
Distribution des résultats
% des personnes avec chaque résultat
Percentile par nombre de réponses
Votre historique - résultats
Vous n’avez pas pris ce quiz